000 00510nam a2200181 i 4500
001 bgj
100 1 _aO'CALLAGHAN, Bryn
245 1 0 _aAn illustrated history of the USA /
_cBryn O'Callaghan.
260 _aHarlow, Essex :
_bLongman,
_c1990.
300 _a144 pp :
_bmaps, photos (mainly colour) ;
_c25 cm.
651 9 _aUnited States
_xHistory
020 _a0582749212 (pbk)
040 _cBPK
041 _aeng
920 _a0-582-74921-2 (pbk)
942 _cKS
008 s uk f |000 0 eng
999 _c49339
_d49339